[Event "ZH-2010-0-00469"]
[Site "LSS email"]
[Date "2010.09.12"]
[Round "?"]
[White "Benedic, Patrick"]
[Black "Candy, Romain"]
[Result "1/2-1/2"]
[WhiteElo "2043"]
[BlackElo "2107"]
[PlyCount "31"]
[EventDate "2010.08.27"]
[EventType "match (corr)"]
[EventRounds "2"]
[EventCountry "GER"]
[SourceTitle "Corr 2013"]
[Source "ChessBase"]
[SourceDate "2012.11.12"]
[SourceVersion "1"]
[SourceVersionDate "2012.11.12"]
[SourceQuality "1"]

1. e4 c5 2. Nf3 d6 3. d4 cxd4 4. Nxd4 Nf6 5. Nc3 g6 6. Be3 Bg7 7. f3 Nc6 8. Qd2 0-0 9. 0-0-0 d5 10. exd5 Nxd5 11. Nxc6 bxc6 12. Bd4 Bxd4 13. Qxd4 Qb6 14. Na4 Qc7 15. Bc4 Rd8 16. Qc5 1/2-1/2

[Event "ZH-2010-0-00469"]
[Site "LSS email"]
[Date "2010.09.12"]
[Round "?"]
[White "Candy, Romain"]
[Black "Benedic, Patrick"]
[Result "1-0"]
[WhiteElo "2107"]
[BlackElo "2043"]
[PlyCount "25"]
[EventDate "2010.08.27"]
[EventType "match (corr)"]
[EventRounds "2"]
[EventCountry "GER"]
[SourceTitle "Corr 2013"]
[Source "ChessBase"]
[SourceDate "2012.11.12"]
[SourceVersion "1"]
[SourceVersionDate "2012.11.12"]
[SourceQuality "1"]

1. e4 e5 2. Nf3 Nc6 3. Bc4 Bc5 4. b4 Bxb4 5. c3 Ba5 6. d4 exd4 7. Qb3 Qf6 8. 0-0 Bb6 9. e5 Qf5 10. cxd4 Nxd4 11. Nxd4 Bxd4 12. Nc3 b6 13. Bd5 1-0

[Event "Leipzig VfB op 15th"]
[Site "Leipzig"]
[Date "2008.03.02"]
[Round "9"]
[White "Benedic, Patrick"]
[Black "Baumert, Andre"]
[Result "1/2-1/2"]
[WhiteElo "2075"]
[BlackElo "1948"]
[PlyCount "27"]
[EventDate "2008.02.26"]
[EventType "swiss"]
[EventRounds "9"]
[EventCountry "GER"]
[SourceTitle "CBM 123 Extra"]
[Source "ChessBase"]
[SourceDate "2008.05.06"]
[SourceVersion "1"]
[SourceVersionDate "2008.05.06"]
[SourceQuality "1"]

1. e4 c5 2. Nf3 e6 3. d4 cxd4 4. Nxd4 a6 5. Nc3 Qc7 6. g3 b6 7. Bg2 Bb7 8. 0-0 d6 9. Re1 Nd7 10. Bd2 Ngf6 11. h3 Be7 12. Qe2 0-0 13. Rad1 Rfe8 14. Nb3 1/2-1/2

[Event "Leipzig VfB op 15th"]
[Site "Leipzig"]
[Date "2008.03.01"]
[Round "8"]
[White "Reimann, Hubert"]
[Black "Benedic, Patrick"]
[Result "1/2-1/2"]
[WhiteElo "1953"]
[BlackElo "2075"]
[PlyCount "20"]
[EventDate "2008.02.26"]
[EventType "swiss"]
[EventRounds "9"]
[EventCountry "GER"]
[SourceTitle "CBM 123 Extra"]
[Source "ChessBase"]
[SourceDate "2008.05.06"]
[SourceVersion "1"]
[SourceVersionDate "2008.05.06"]
[SourceQuality "1"]

1. d4 Nf6 2. c4 g6 3. Nc3 Bg7 4. e4 d6 5. f4 0-0 6. Nf3 Nbd7 7. Be2 Ne8 8. 0-0 c5 9. Be3 Nc7 10. Qd2 b6 1/2-1/2

[Event "Leipzig VfB op 15th"]
[Site "Leipzig"]
[Date "2008.02.29"]
[Round "5"]
[White "Benedic, Patrick"]
[Black "Hess, Christian"]
[Result "1-0"]
[WhiteElo "2075"]
[BlackElo "2295"]
[PlyCount "53"]
[EventDate "2008.02.26"]
[EventType "swiss"]
[EventRounds "9"]
[EventCountry "GER"]
[SourceTitle "CBM 123 Extra"]
[Source "ChessBase"]
[SourceDate "2008.05.06"]
[SourceVersion "1"]
[SourceVersionDate "2008.05.06"]
[SourceQuality "1"]

1. e4 e6 2. d4 d5 3. e5 c5 4. c3 Nc6 5. Nf3 Bd7 6. a3 cxd4 7. cxd4 Nge7 8. b4 Nf5 9. Bb2 Qb6 10. g4 Nh6 11. Rg1 Be7 12. h4 f6 13. Bd3 fxe5 14. g5 Nf7 15. dxe5 0-0 16. Qc2 Rac8 17. Bxh7+ Kh8 18. Qg6 Ncxe5 19. Qh5 Nxf3+ 20. Kd1 N3xg5 21. hxg5 Bxg5 22. Bd3+ Nh6 23. Bxg7+ Kg8 24. Rxg5 Ba4+ 25. Bc2 Bxc2+ 26. Kc1 Bg6+ 27. Bc3 1-0

[Event "FRA-ch op-A"]
[Site "Aix les Bains"]
[Date "2007.08.22"]
[Round "9"]
[White "Benedic, Patrick"]
[Black "Fischer, Marc"]
[Result "0-1"]
[WhiteElo "2053"]
[BlackElo "2183"]
[PlyCount "82"]
[EventDate "2007.08.13"]
[EventType "swiss"]
[EventRounds "11"]
[EventCountry "FRA"]
[SourceTitle "CBM 120 Extra"]
[Source "ChessBase"]
[SourceDate "2007.11.01"]
[SourceVersion "1"]
[SourceVersionDate "2007.11.01"]
[SourceQuality "1"]

1. e4 e6 2. d4 d5 3. Nc3 Nf6 4. Bg5 Bb4 5. e5 h6 6. Bd2 Bxc3 7. bxc3 Ne4 8. Qg4 g6 9. Qf4 c5 10. Bd3 Nxd2 11. Qxd2 Nc6 12. Bb5 Qb6 13. a4 Bd7 14. Ne2 Na5 15. Bxd7+ Kxd7 16. 0-0 c4 17. Qf4 Raf8 18. Rfb1 Qc7 19. Ng3 b6 20. Re1 f5 21. Qc1 f4 22. Ne2 g5 23. f3 Rhg8 24. Kf2 Qd8 25. h3 h5 26. Rh1 Qe7 27. Qa3 Qxa3 28. Rxa3 Rf7 29. Raa1 Nc6 30. Rhf1 Ne7 31. Rfb1 Kc6 32. Rg1 Nf5 33. g4 fxg3+ 34. Nxg3 Nh4 35. Nxh5 Rxf3+ 36. Ke2 Rxc3 37. Nf6 Rg6 38. Kd2 Rxh3 39. Rh1 g4 40. Ke2 Nf5 41. c3 Ng3+ 0-1

[Event "Barbera del Valles op-A 30th"]
[Site "Barbera del Valles"]
[Date "2007.07.11"]
[Round "6"]
[White "Cuartas Medina, Jorge Humberto"]
[Black "Benedic, Patrick"]
[Result "0-1"]
[WhiteElo "2236"]
[BlackElo "2053"]
[PlyCount "67"]
[EventDate "2007.07.06"]
[EventType "swiss"]
[EventRounds "9"]
[EventCountry "ESP"]
[SourceTitle "CBM 119 Extra"]
[Source "ChessBase"]
[SourceDate "2007.09.04"]
[SourceVersion "1"]
[SourceVersionDate "2007.09.04"]
[SourceQuality "1"]

1. e4 e5 2. Nf3 Nc6 3. Bb5 a6 4. Ba4 Nf6 5. 0-0 Be7 6. Re1 b5 7. Bb3 d6 8. c3 0-0 9. h3 Na5 10. Bc2 c5 11. d4 Qc7 12. Nbd2 Rd8 13. Nf1 cxd4 14. cxd4 exd4 15. Nxd4 d5 16. e5 Ne4 17. Nd2 Bc5 18. N2f3 Nc4 19. Re2 Bb7 20. e6 Qe7 21. exf7+ Qxf7 22. Qd3 Rd6 23. b3 Nb6 24. Be3 Nd7 25. a3 Rf8 26. b4 Bb6 27. Nb3 Bxe3 28. Qxe3 Qh5 29. Rd1 Rdf6 30. Bxe4 dxe4 31. Qg5 Qf7 32. Nfd4 Rg6 33. Qf5 Qe8 34. Qh5 0-1

[Event "Barbera del Valles op-A 30th"]
[Site "Barbera del Valles"]
[Date "2007.07.07"]
[Round "2"]
[White "Benedic, Patrick"]
[Black "Losada Carrera, Francisco Javier"]
[Result "0-1"]
[WhiteElo "2053"]
[BlackElo "2183"]
[PlyCount "68"]
[EventDate "2007.07.06"]
[EventType "swiss"]
[EventRounds "9"]
[EventCountry "ESP"]
[SourceTitle "CBM 119 Extra"]
[Source "ChessBase"]
[SourceDate "2007.09.04"]
[SourceVersion "1"]
[SourceVersionDate "2007.09.04"]
[SourceQuality "1"]

1. e4 c5 2. Nf3 d6 3. d4 cxd4 4. Nxd4 Nf6 5. Nc3 a6 6. Bc4 e6 7. Bb3 b5 8. Bg5 Be7 9. Qf3 Qd7 10. 0-0-0 Bb7 11. Qe2 Nc6 12. Nxc6 Qxc6 13. Bxf6 Bxf6 14. Bd5 Qc7 15. Bxb7 Qxb7 16. Rxd6 b4 17. Nd1 Be5 18. Rd3 0-0 19. f3 Qb6 20. g3 Rac8 21. Qf2 Qb5 22. Qd2 Qa4 23. Kb1 Rc5 24. f4 Bf6 25. e5 Ra5 26. a3 Be7 27. Rd4 Bc5 28. Rc4 Rb8 29. Nc3 bxc3 30. Rxa4 Rxb2+ 31. Ka1 Rxa4 32. Qxc3 Rb5 33. Ka2 Rba5 34. Kb1 Rxa3 0-1

[Event "FRA-chT2C 0506"]
[Site "France"]
[Date "2006.03.11"]
[Round "8.6"]
[White "Benedic, Patrick"]
[Black "Moingt, Jean Claude"]
[Result "1/2-1/2"]
[WhiteElo "2016"]
[BlackElo "2281"]
[PlyCount "58"]
[EventDate "2005.10.27"]
[EventType "team"]
[EventRounds "11"]
[EventCountry "FRA"]
[SourceTitle "EXT 2006"]
[Source "ChessBase"]
[SourceDate "2005.11.24"]
[SourceVersion "1"]
[SourceVersionDate "2005.11.24"]
[SourceQuality "1"]
[BlackTeam "Lodeve Saint Affrique"]
[BlackTeamCountry "FRA"]

1. e4 c5 2. Nf3 Nc6 3. d4 cxd4 4. Nxd4 g6 5. Nc3 Bg7 6. Be3 Nf6 7. Bc4 0-0 8. Bb3 d6 9. f3 Bd7 10. Qd2 Ne5 11. 0-0-0 Rc8 12. h4 h5 13. Bh6 Bxh6 14. Qxh6 Rxc3 15. bxc3 Qc7 16. g4 Qxc3 17. Kb1 a5 18. gxh5 a4 19. hxg6 axb3 20. cxb3 Nd3 21. Rd2 Rc8 22. Rg2 Bh3 23. gxf7+ Kxf7 24. Rg7+ Ke8 25. Rxe7+ Kxe7 26. Qg7+ Ke8 27. Qg6+ Ke7 28. Qg7+ Ke8 29. Qg6+ Ke7 1/2-1/2

[Event "FRA-chT2C 0506"]
[Site "France"]
[Date "2006.02.05"]
[Round "7.8"]
[White "Benedic, Patrick"]
[Black "Adda, Olivier"]
[Result "1/2-1/2"]
[WhiteElo "2016"]
[BlackElo "2124"]
[PlyCount "102"]
[EventDate "2005.10.27"]
[EventType "team"]
[EventRounds "11"]
[EventCountry "FRA"]
[SourceTitle "EXT 2006"]
[Source "ChessBase"]
[SourceDate "2005.11.24"]
[SourceVersion "1"]
[SourceVersionDate "2005.11.24"]
[SourceQuality "1"]
[BlackTeam "Grenoble"]
[BlackTeamCountry "FRA"]

1. e4 e5 2. Nf3 Nc6 3. Nc3 Nf6 4. Bb5 Nd4 5. Nxd4 exd4 6. e5 dxc3 7. exf6 Qxf6 8. dxc3 Qe5+ 9. Qe2 Qxe2+ 10. Bxe2 d5 11. Be3 Be6 12. 0-0-0 0-0-0 13. Bf3 Be7 14. h4 Rd7 15. Bd4 Rg8 16. Be3 Rgd8 17. a3 c5 18. g3 g6 19. Bg5 h5 20. Bxe7 Rxe7 21. Rhe1 Rc7 22. Rd2 d4 23. Red1 Bf5 24. Be2 Rcd7 25. cxd4 Rxd4 26. Rxd4 Rxd4 27. Rxd4 cxd4 28. Kd2 Kc7 29. Bd3 Kd6 30. Bxf5 gxf5 31. Kd3 Ke5 32. f3 Kd5 33. b3 Ke5 34. Ke2 b5 35. Kd3 a6 36. Ke2 a5 37. Kd3 Kd5 38. a4 b4 39. Ke2 Ke5 40. Kf2 Kd6 41. Ke2 Kd5 42. Kf2 Ke5 43. Kg2 Kf6 44. Kh3 Kg6 45. g4 fxg4+ 46. fxg4 hxg4+ 47. Kxg4 Kh6 48. h5 Kh7 49. Kg5 Kg7 50. Kf5 Kh6 51. Kg4 Kh7 1/2-1/2

[Event "FRA-chT2C 0506"]
[Site "France"]
[Date "2006.01.15"]
[Round "6.7"]
[White "Benedic, Patrick"]
[Black "Marino, Olivier"]
[Result "0-1"]
[WhiteElo "2016"]
[BlackElo "2102"]
[PlyCount "154"]
[EventDate "2005.10.27"]
[EventType "team"]
[EventRounds "11"]
[EventCountry "FRA"]
[SourceTitle "EXT 2006"]
[Source "ChessBase"]
[SourceDate "2005.11.24"]
[SourceVersion "1"]
[SourceVersionDate "2005.11.24"]
[SourceQuality "1"]

1. e4 c6 2. d4 d5 3. exd5 cxd5 4. c4 Nf6 5. Nc3 e6 6. Nf3 Bb4 7. Bd2 Nc6 8. a3 Be7 9. Bg5 0-0 10. Bd3 h6 11. Bh4 dxc4 12. Bxc4 Nd5 13. Bg3 Bf6 14. Qd3 Nb6 15. Rd1 Nxc4 16. Qxc4 a6 17. b4 Bd7 18. 0-0 b5 19. Qd3 Ne7 20. Bd6 Re8 21. Ne4 Nd5 22. Bc5 Be7 23. Nd6 Bxd6 24. Bxd6 Bc6 25. Bc5 Nf4 26. Qe3 Bxf3 27. Qxf3 Nd5 28. Rfe1 Qf6 29. Qxf6 Nxf6 30. Rd3 Nd5 31. g3 Red8 32. Ra1 Rab8 33. Rb1 Nb6 34. Rc3 Nc4 35. Re1 Rd5 36. a4 Rbd8 37. Kg2 R8d7 38. Re2 Nd6 39. a5 Nf5 40. Rd2 Nxd4 41. Bxd4 Rxd4 42. Rxd4 Rxd4 43. Rc6 Rxb4 44. Rxa6 Ra4 45. Ra8+ Kh7 46. a6 b4 47. Rb8 Rxa6 48. Rxb4 Ra3 49. Rb5 Kg6 50. h4 h5 51. Rg5+ Kh6 52. Re5 Rd3 53. f4 Rd5 54. Re3 Kg6 55. Kf3 Kf5 56. Ra3 f6 57. Rb3 e5 58. fxe5 fxe5 59. Re3 g6 60. Kg2 e4 61. Ra3 Kg4 62. Ra6 Rd2+ 63. Kf1 Kxg3 64. Rxg6+ Kxh4 65. Ke1 Ra2 66. Kf1 Kh3 67. Kg1 e3 68. Kf1 Rf2+ 69. Kg1 h4 70. Re6 Rf3 71. Kh1 Rg3 72. Rg6 e2 73. Re6 Ra3 74. Kg1 Ra1+ 75. Kf2 e1Q+ 76. Rxe1 Rxe1 77. Kxe1 Kg2 0-1

[Event "Lyon op"]
[Site "Lyon"]
[Date "2005.04.20"]
[Round "6"]
[White "Benedic, Patrick"]
[Black "Lambert, Thierry"]
[Result "0-1"]
[WhiteElo "1930"]
[BlackElo "2129"]
[PlyCount "86"]
[EventDate "2005.04.16"]
[EventType "swiss"]
[EventRounds "9"]
[EventCountry "FRA"]
[SourceTitle "CBM 105 Extra"]
[Source "ChessBase"]
[SourceDate "2005.05.01"]
[SourceVersion "1"]
[SourceVersionDate "2005.05.01"]
[SourceQuality "1"]

1. e4 d6 2. d4 Nf6 3. Nc3 Nbd7 4. Nf3 e5 5. Bc4 Be7 6. 0-0 0-0 7. Re1 c6 8. a4 b6 9. d5 Bb7 10. b4 Rc8 11. dxc6 Bxc6 12. Qd3 Qc7 13. Ba6 Rcd8 14. Nb5 Bxb5 15. Bxb5 Rc8 16. c4 Nb8 17. a5 a6 18. axb6 Qxb6 19. Be3 Qb7 20. Nd2 axb5 21. Ra7 bxc4 22. Rxb7 cxd3 23. Rxe7 Nc6 24. Rb7 Rb8 25. Rb6 Rxb6 26. Bxb6 Nxb4 27. Bc7 Nc2 28. Rd1 Ne8 29. Bd8 f5 30. exf5 Rxf5 31. Ne4 Rf4 32. Nc3 Rc4 33. Nd5 e4 34. Bb6 Nf6 35. Nf4 Nd7 36. Nd5 Nxb6 37. Nxb6 Rc6 38. Nd5 Kf7 39. Nf4 Rc5 40. f3 Ne3 41. Rd2 Rc1+ 42. Kf2 Nc4 43. Nxd3 e3+ 0-1

[Event "FRA-chT3 Gr12 0304"]
[Site "Loire"]
[Date "2004.04.04"]
[Round "7.8"]
[White "Tourette, Remi"]
[Black "Benedic, Patrick"]
[Result "0-1"]
[WhiteElo "1530"]
[BlackElo "1450"]
[PlyCount "40"]
[EventDate "2003.10.12"]
[EventType "team"]
[EventRounds "9"]
[EventCountry "FRA"]
[SourceTitle "EXT 2008"]
[Source "ChessBase"]
[SourceDate "2007.11.25"]
[SourceVersion "1"]
[SourceVersionDate "2007.11.25"]
[SourceQuality "1"]

1. e4 e5 2. Nf3 Nc6 3. Bc4 Bc5 4. c3 Nf6 5. 0-0 d6 6. d3 h6 7. h3 0-0 8. Re1 Be6 9. Bxe6 fxe6 10. Qb3 Qc8 11. Nbd2 Rb8 12. Qd1 Nh7 13. Nb3 Bb6 14. Nh4 Bxf2+ 15. Kh1 Bxh4 16. Rf1 Rxf1+ 17. Qxf1 Qf8 18. Qe2 Bg5 19. Bxg5 Nxg5 20. Rf1 Qe7 0-1